Chimberiana (Record no. 58833)

MARC details
000 -LEADER
campo de control de longitud fija 00786nam a2200205 i 4500
001 - NÚMERO DE CONTROL
campo de control 58833
003 - IDENTIFICADOR DE NÚMERO DE CONTROL
campo de control ES-MaACL
005 - FECHA Y HORA DE LA ÚLTIMA TRANSACCIÓN
campo de control 20230906163911.0
007 - CAMPO FIJO DE DESCRIPCIÓN FÍSICA--INFORMACIÓN GENERAL
campo de control de longitud fija t|
008 - DATOS DE LONGITUD FIJA--INFORMACIÓN GENERAL
campo de control de longitud fija 031024s1948 sp |||| | spa d
100 1# - ENTRADA PRINCIPAL--NOMBRE DE PERSONA
Nombre de persona Echevarría, Julián.
9 (RLIN) 46551
245 10 - MENCIÓN DEL TÍTULO
Título Chimberiana
Resto del título : estampas líricas sobre motivos populares de principio de siglo /
Mención de responsabilidad, etc. Julián Echevarría, José Luis Albéniz ; música del maestro Francisco Escudero ; prólogo de Joaquín Zuazagoitia.
260 ## - PUBLICACIÓN, DISTRIBUCIÓN, ETC.
Lugar de publicación, distribución, etc. [Bilbao :
Nombre del editor, distribuidor, etc. s.n.,
Fecha de publicación, distribución, etc. 1948] (
Fabricante Art. Gráf. Grijelmo)
300 ## - DESCRIPCIÓN FÍSICA
Extensión 90 p. :
Otras características físicas il. ;
Dimensiones 16 cm.
651 #4 - PUNTO DE ACCESO ADICIONAL DE MATERIA--NOMBRE GEOGRÁFICO
Nombre geográfico Bilbao-
Subdivisión general Usos y costumbres.
9 (RLIN) 168834
700 1# - ENTRADA AGREGADA--NOMBRE PERSONAL
Nombre de persona Albéniz, José Luis.
9 (RLIN) 19262
700 1# - ENTRADA AGREGADA--NOMBRE PERSONAL
Nombre de persona Escudero, Francisco.
9 (RLIN) 47681
700 1# - ENTRADA AGREGADA--NOMBRE PERSONAL
Nombre de persona Zuazagoitia, Joaquín de.
9 (RLIN) 118382
852 ## - LOCALIZACIÓN
Ubicación ES-MaACL
Número de control de estantería D-7981
Holdings
Estatus retirado Estado de pérdida Estado de daño No para préstamo Biblioteca de origen Biblioteca actual Ubicación en estantería Fecha de adquisición Fuente de adquisición Total de préstamos Signatura topográfica completa Código de barras Visto por última vez Precio de reemplazo Tipo de ítem Koha
        Biblioteca del Ateneo de Madrid Biblioteca del Ateneo de Madrid Sala Valle Inclán 17/01/2008     D-7981 901061719 23/02/2023 23/02/2023 Libro impreso